Province dell'Italia Settentrionale - Statistics

Statistiche generali
  • Questo quiz è stato fatto 81 volte
  • Il punteggio medio è 43 su 47
Risposte nella Mappa
Le risposte nella mappa del quiz sottostante sono codificate secondo una scala di colori dal rosso al verde in base alla % di persone che hanno risposto correttamente.
 
Statistiche sulle risposte
Risposta % Corretto
Bologna
100%
Genova
100%
Venezia
100%
Aosta
98%
Trieste
98%
Milano
97%
Padova
97%
Trento
97%
Udine
97%
Alessandria
95%
Bergamo
95%
Pavia
95%
Pordenone
95%
Torino
95%
Verona
95%
Bolzano/Bozen
93%
Imperia
93%
La Spezia
93%
Modena
93%
Piacenza
93%
Rimini
93%
Brescia
92%
Como
92%
Ferrara
92%
Vicenza
92%
Cremona
90%
Cuneo
90%
Forlì-Cesena
90%
Gorizia
90%
Reggio Emilia
90%
Rovigo
90%
Savona
90%
Belluno
88%
Lecco
88%
Mantova
88%
Monza e della Brianza
88%
Treviso
88%
Asti
87%
Biella
87%
Ravenna
87%
Sondrio
87%
Varese
87%
Novara
85%
Parma
85%
Verbano-Cusio-Ossola
85%
Lodi
83%
Vercelli
78%
Nessun quiz corrispondente trovato
Distribuzione punteggi
Percentuale di utenti per punteggio
Percentile per numero di risposta
I tuoi punteggi nel tempo
Non hai fatto questo quiz